000 00657nam a22001817a 4500
999 _c190799
_d190799
005 20220805111438.0
010 _aENG-134295
020 _a9789351952558
_c499.00
035 _aEN-117827
037 _bDBAD/PUB
082 _a330
100 _aYunus, Muhammad
245 _aA World of Three Zeros:
_bThe New Economics of zero Poverty, Zero Unemployment, and Zero Net Carbon Emissions/
_cMuhammad Yunus
260 _aGurugram
_bHachette Book Publishing India Pvt. Ltd
_c2018
270 _a4th & 5th Floors, Corporate Centre, Plot No. 94, Sector 44
_bGurugram
_e122003
300 _a288p.
_bIndex
_c22cm(pbk)
942 _2ddc
_cEN
_h330
_mYUN